Les meilleurs passeurs en Champions League entre 2010 et 2020 - Statistiques

Statistiques générales
  • Ce quiz a été pris 94 fois
  • Le résultat moyen est 9 sur 10
Statistiques - réponses
Classement Nationalité Nombre de passes décisives Joueurs % Correct
1 Portugal 30 passes décisives Cristiano Ronaldo
100%
2 Argentine 29 passes décisives Lionel Messi
100%
4 Brésil 25 passes décisives Neymar
100%
3 Argentine 28 passes décisives Angel Di Maria
97%
8 Uruguay 19 passes décisives Luis Suarez
97%
10 Allemagne 19 passes décisives Thomas Muller
91%
9 Espagne 19 passes décisives Andres Iniesta
89%
6 France 21 passes décisives Karim Benzema
80%
7 Allemagne 19 passes décisives Mesut Ozil
56%
5 Brésil 22 passes décisives Marcelo
49%
Aucun quiz correspondant
Distribution des résultats
% des personnes avec chaque résultat
Percentile par nombre de réponses
Votre historique - résultats
Vous n’avez pas pris ce quiz